[Event "BRA SC-ch"]
[Site "Joinville"]
[Date "2005.03.??"]
[Round "4"]
[White "Gauche, Charles"]
[Black "Prates, Fabiano Fortes"]
[Result "1-0"]
[WhiteElo "2282"]
[BlackElo "2265"]
[PlyCount "97"]
[EventDate "2005.03.??"]
[EventType "swiss"]
[EventRounds "6"]
[EventCountry "BRA"]
[SourceTitle "EXT 2022"]
[Source "ChessBase"]
[SourceDate "2021.10.06"]
[SourceVersion "1"]
[SourceVersionDate "2021.10.06"]
[SourceQuality "1"]

1. Nf3 Nf6 2. b3 g6 3. Bb2 Bg7 4. g3 b6 5. Bg2 Bb7 6. 0-0 0-0 7. c4 d6 8. Nc3 Nbd7 9. d3 Re8 10. e4 e5 11. Ne1 h5 12. f4 Ng4 13. Nc2 exf4 14. gxf4 f5 15. h3 Nh6 16. Rb1 a5 17. Qd2 Nf8 18. Nd5 Bxb2 19. Rxb2 c6 20. Nc3 Qf6 21. Rbb1 Rad8 22. Rbe1 Re7 23. Na4 b5 24. cxb5 cxb5 25. Nc3 b4 26. Nd5 Bxd5 27. exd5 Rde8 28. Rxe7 Rxe7 29. d4 Rc7 30. Ne3 Qd8 31. Nc4 Rb7 32. Re1 Ra7 33. Re2 Nf7 34. Kh2 Kg7 35. Qe1 Qf6 36. Qd2 Qd8 37. Bf1 Kg8 38. Rg2 Kh7 39. Qf2 Qf6 40. Bd3 Nh6 41. Rg1 Nf7 42. Re1 Qd8 43. Qe3 Kg7 44. Rg1 Kh7 45. Qg3 Nh6 46. Qg5 Qxg5 47. fxg5 Nf7 48. h4 Kg7 49. Re1 1-0